الرقابة على الإنفاق العام : (Record no. 141168)

MARC details
000 -الفاتح
عناصر البيانات ثابتة الطول 00812cam a2200205 i 4500
005 - تاريخ ووقت آخر معاملة
حقل ضبط 20260122103018.0
008 - عناصر البيانات ثابتة الطول
عناصر البيانات ثابتة الطول 250721s2019 le gr 000 0 ara d
020 ## - الترقيم الدولي المعياري للكتب (ردمك)
الترقيم الدولي المعياري للكتب (ردمك) 9786144363669
082 14 - رقم تصنيف ديوي العشري
رقم التصنيف 343.034
رقم المادة ح س ي
100 1# - مدخل رئيسي – اسم شخصي
الاسم الشخصي الحسين، سليمان إبراهيم
علاقة الشخص بالعمل/ دوره مؤلف.
245 12 - بيان العنوان
العنوان الرقابة على الإنفاق العام :
بقية العنوان (دراسة مقارنة ) /
بيان المسؤولية المستشار المحامي سليمان ابراهيم الحسين.
250 ## - بيان الطبعة
بيان الطبعة الطبعة الاولى.
264 31 - بيانات النشر، التوزيع…إلخ
مكان النشر، التوزيع...إلخ لبنان :
اسم الناشر، الموزع...إلخ مكتبة زين الحقوقية والادبية ش.م.م.،
تاريخ النشر، التوزيع...إلخ 2019.
300 ## - الوصف المادي
عدد الوحدات المكونة للوعاء 224 صفحة.
650 17 - مدخل إضافي بالموضوع - مصطلح موضوعي
مصطلح موضوعي أو اسم جغرافي كعنصر مدخل النفقات العامة.
650 17 - مدخل إضافي بالموضوع - مصطلح موضوعي
مصطلح موضوعي أو اسم جغرافي كعنصر مدخل المالية العامة.
650 17 - مدخل إضافي بالموضوع - مصطلح موضوعي
مصطلح موضوعي أو اسم جغرافي كعنصر مدخل الرقابة.
942 ## - بيانات إضافية (كوها)
نوع التنصيف Dewey Decimal Classification
نوع المادة (كوها) Books
Holdings
حالة السحب حالة الفقدان مصدر التصنيف حالة التلف غير قابل للإعارة المكتبة الرئيسية المكتبة الحالية موقع الرف تاريخ التزويد الرقم المتسلسل Total Checkouts رقم الإستدعاء الباركود تاريخ آخر ظهور تاريخ الفاتورة نوع المادة (كوها)
    Dewey Decimal Classification     المكتبة المركزية المكتبة المركزية الإعارة 28/07/2025 1728695   343.034 / ح س ي PLD00479226 28/07/2025 28/07/2025 Books
Implemented & Customized by: BBB with SCIT (Smart Chains for Information Technology)

Powered by Koha